000 00728nam a22002177a 4500
003 DO-SdBNP
005 20240320074002.0
007 ta
008 210630e2012 dr ||||gr|||| 00| e spà d
040 _aDO-SdBNP
_bspa
_cBNPHU
082 4 _222
_bS718p
100 1 _931307
_aSoto Montero, Guillermo,
_cpadre,
_d1943-1994
245 1 3 _aEl padre Castellanos como sacerdote /
_cGuillermo Soto Montero ; edición Rafael Bello Peguero
260 _aSanto Domingo :
_bAmigo del Hogar,
_c2012.
300 _a15 p. ;
_c20 cm.
590 _aInventariado 2021 / MF
600 0 _944437
_aCASTELLANOS MARTÍNEZ, RAFAEL CONRADO,
_cPADRE,
_d1875-1932
700 1 _aBello Peguero, Rafael,
_d1932-2022
_eed.
_92405
910 _aMF
942 _2ddc
_cLF2
999 _c50020
_d50020